Vald - Carrière - Statistiques

Statistiques générales
  • Ce quiz a été pris 67 fois
  • Le résultat moyen est 79 sur 260
Statistiques - réponses
Hint Réponse % Correct
9 Désaccordé
81%
7 NQNT (feat. Suikon Blaz AD)
81%
2 Journal perso
78%
11 Réflexions basses
78%
18 Rechute
75%
2 REGULATION
75%
13 Vitrine (feat. Damso)
75%
15 Dragon (feat. Sofiane)
72%
2 Bonjour
69%
4 Ce monde est cruel
69%
1 DIEU MERCI
69%
4 PANDEMONIUM
69%
7 Selfie
69%
4 Je t'aime
66%
7 Abysses
63%
12 Interlude
63%
14 interlude
63%
9 Interlude (Seezy - NQNT33)
63%
3 Journal perso II
63%
7 Ma meilleure amie
63%
2 Megadose
63%
2 NQNTMQMQMB (feat. Suikon Blaz AD)
63%
5 Peon (feat. Orelsan)
63%
16 Rappel
63%
10 REFLEXIONS TRES BASSES
63%
2 Seum
63%
16 Deviens génial
59%
3 DQTP
59%
3 Magnificat
59%
8 DARKNET
56%
10 Gris
56%
8 Halloween
56%
17 (remix) | 4 Possédé
56%
1 Primitif
56%
14 Strip
56%
15 93 MILLIARDS
53%
1 Acacia
53%
13 Anunnaki
53%
14 ASB (feat. Maes)
53%
2 Dans la rue
53%
9 FUMEE
53%
6 Jolie fleur
53%
16 LES ECHAPPES
53%
9 Lezarman
53%
15 Royal Bacon
53%
12 SUPERMAN
53%
17 Trophée
53%
6 GAUCHE DROITE
50%
14 Laisse tomber
50%
6 L.D.S
50%
12 Offshore (feat. Suikon Blaz AD)
50%
1 Pandémie
50%
1 Poches pleines
50%
3 REGULATION RELOADED
50%
7 ROCHE NOIRE
50%
6 Urbanisme
50%
4 Autiste
47%
9 Dernier retrait (feat. SCH)
47%
17 Dernier verre
47%
11 Eurotrap
47%
3 LETHARGIE
47%
12 Petite chatte
47%
13 PROZACZOPIXAN
47%
14 Rocking Chair
47%
13 Sushi
47%
5 Totem
47%
4 Canada
44%
5 FLPVCOF
44%
7 Ignorant
44%
3 Infanticide (feat. Suikon Blaz AD)
44%
16 Libellule
44%
8 Neo
44%
2018 Plus haut (feat. Alkpote)
44%
9 Promesse
44%
6 Résidus
44%
8 Rituel (feat. Sirius)
44%
3 Si j'arrêtais
44%
9 Aulnay Sous Bois
41%
2019 Bitch (feat. Lefa)
41%
10 Blanc (feat. Suikon Blaz AD)
41%
2020 Gotaga
41%
2 Horizon vertical
41%
10 Keskivonfer
41%
6 Ma star
41%
1 Surprise
41%
8 Taga
41%
11 2014
38%
5 Chépakichui
38%
13 (Bonus Track) | 6 CQFD
38%
2021 Footballeur
38%
9 Maudit (feat. Hamza)
38%
13 Ne me déteste pas
38%
11 UFOV
38%
1 Blauwburgwal
34%
9 Guccissima
34%
12 Mamacita
34%
1 Non stop
34%
12 PANDEMONIUM RELOADED
34%
6 Papoose
34%
5 Pensionman
34%
11 Pourquoi
34%
10 QUE DES PROBLEMES
34%
8 Rappeur conscient
34%
1 Retour
34%
3 Shoote Un Ministre
34%
2 YAX3
34%
6 1992
31%
16 Bien sûr - Bonus
31%
13 Champignon
31%
2019 Elévation (feat. Vladimir Cauchemar)
31%
15 Happy End (feat. Suikon Blaz AD)
31%
11 MacDo
31%
1 Mélange
31%
11 Ogre
31%
6 PROZACZOPIXAN RELOADED
31%
4 Retomber amoureux
31%
8 Royal cheese
31%
2 SATAN 3
31%
2018 Woah (feat. Heuss L'enfoiré, Kalash Criminel, Mac Tyer, Sadek, Sofiane & Soolking)
31%
2018 Bizarre (feat. Lorenzo)
28%
5 Dimension parallèle
28%
4 ECHELON FREESTYLE (feat. Charles Bdl, Rafal, Suikon Blaz AD & Yonidas)
28%
6 Foie gras
28%
2015 Gizeh
28%
7 Jentertain
28%
10 Joffrey
28%
14 Kamasutra
28%
15 Kid Cudi
28%
8 Mana
28%
3 Matrixé
28%
13 No Friends
28%
9 RAP RIP
28%
10 Regarde toi
28%
3 Sur un nouvel album
28%
4 TAL/TAL
28%
9 TELLEMENT TOI (feat. Suikon Blaz AD)
28%
3 Berflam
25%
16 Branleur
25%
10 DARKNET RELOADED
25%
10 Elle Me Regarde
25%
1 FORFAIT
25%
2018 Iencli (feat. Sofiane)
25%
12 J'pourrai
25%
7 No Tube Zone
25%
12 Pas deux fois
25%
2025 PTSD (feat. Todiefor & Vladimir Cauchemar)
25%
3 SHOW
25%
10 VHR
25%
11 AUCUN RETOUR
22%
8 BAD
22%
2 DIEU MERCI RELOADED
22%
2021 Echelon 2
22%
7 INTERLUDE RELOADED
22%
5 Mauvais
22%
2 Par Toutatis
22%
2020 Pas de reine (feat. Koba LaD)
22%
12 (Bonus Track) PF
22%
4 Rhumance
22%
3 | 11 Smiley
22%
4 Un mot
22%
21 V.A.L.S.E
22%
7 Vie De Cochon
22%
12 Adios
19%
1 C'est Pour
19%
10 Changer d'air
19%
7 Diviser pour mieux régner
19%
2016 Envie
19%
8 GAUCHE DROITE RELOADED
19%
15 Sombre soirée
19%
9 Strass & paillettes
19%
5 Sullyvan
19%
11 Toujours pareil
19%
10 Vlad
19%
2023 Voraces (feat. Souffrance)
19%
11 Ass propos (feat. Suikon Blaz AD)
16%
2021 Baby (feat. Kore)
16%
12 Baby Squirt
16%
2020 C'est pas nous les méchants
16%
2015 Compas
16%
8 Décadence
16%
1 DEMON RELOADED
16%
2 Donkey Punch
16%
6 Flowjob (feat. Suikon Blaz AD)
16%
5 La ive (feat. Georgio)
16%
2016 Le mignon
16%
10 Lettre à Elise - Interlude (feat. Double F)
16%
2021 Mushu
16%
4 Quidam
16%
2018 Qui dit mieux (feat. Gringe, Orelsan & Suikon Blaz AD)
16%
11 Qui écoute ?
16%
7 Verre de sang
16%
9 Winston
16%
5 Cartes sous l'coude
13%
4 Cylindrique (feat. Bazoo)
13%
5 Dis moi tout BB (feat. Suikon Blaz AD)
13%
7 Je ressens rien
13%
2019 J'suis loin (feat. Jul)
13%
4 Lune
13%
21 Metafion (feat. Suikon Blaz AD)
13%
12 MICROPHONE CHECK
13%
6 TECHNIQUE
13%
11 UFOV RELOADED
13%
16 VICTOIRE BONUS AOCIZ
13%
12 Adulez-moi - Interlude
9%
2018 Barbara (feat. Georgio)
9%
2013 Carré (feat. Ol Kainry, Sofiane & Tunisiano)
9%
5 FEELINGS
9%
5 Gouaould - Interlude
9%
8 Horrible
9%
2021 Jusqu'à la fin (feat. 7 Jaws)
9%
2019 L'addition (feat. Heuss L'enfoiré)
9%
2015 Meilleur lendemain (feat. Alkpote)
9%
16 Molly interlude
9%
1 Mon présent (feat. Suikon Blaz AD)
9%
14 MYM BONUS AOCIZ
9%
19 Poésie moderne
9%
10 Pour si peu (feat. Rabakar)
9%
7 RUFF RYDERZ
9%
15 Spirale
9%
15 SUPERMAN BONUS AOCIZ
9%
2018 Valise (feat. Hornet La Frappe)
9%
20 Deuspi (feat. Suikon Blaz AD)
6%
8 Elyxir (feat. Georgio)
6%
11 Evoluchienne
6%
13 FLPVC RELOADED
6%
2017 (remix) Guedro (feat. Kalash Criminel, Mac Tyer & Sofiane)
6%
6 J'ai - Interlude (feat. Suikon Blaz AD)
6%
18 La comptine de Sullyvan - Interlude (feat. Suikon Blaz AD)
6%
17 Lalala
6%
13 Pas grave
6%
5 QUE DES PROBLEMES RELOADED
6%
17 Que fait la police (feat. Suikon Blaz AD)
6%
2022 Semi-Auto
6%
2021 Alliance (feat. Sadek)
3%
13 Bukkake
3%
8 Encore
3%
16 Épices loufoques (feat. Georgio)
3%
14 Guedin
3%
9 Hippopotomonstrosesquippedaliophobie (feat. DG & Gab)
3%
3 John Doe (feat. Suikon Blaz AD)
3%
2 Le faux le fer
3%
18 Rockstar
3%
2018 Un jour de plus (feat. Kalash Criminel)
3%
2019 Atmosfear (feat. Al'Tarba, Fresh Out Da Box, I.n.c.hn & Suikon Blaz AD)
0%
14 Bad Trip (feat. Bazoo, Georgio & Suikon Blaz AD)
0%
2012 Brutaliser (feat. Jarod)
0%
15 Fado - Interlude (feat. W)
0%
2021 Instinct (feat. Yonidas) [Echelon]
0%
2023 L'Undaground s'exprime Chapitre 6 (feat. DJ Nixon, F.a.s.k, Grödash, Le célèbre Bauza LowSchool, L'uzine, Mr Agaz, Nord, Playad, Rockin' Squat, T, Tony Toxik & Wush)
0%
20 Nique le vordel
0%
17 PARADIS PENDU
0%
2020 Pentacle et bougie (feat. I.n.c.h)
0%
2016 Présentation (feat. Georgio & Melan)
0%
2016 Quoi d'neuf fréro (feat. I.n.c.h & Suikon Blaz AD)
0%
2015 Ricky Martin (feat. Goune)
0%
2013 Sex, Drug & Rock'n'roll (feat. Alpha Wann, Georgio, Hologram Lo' & Lomepal)
0%
19 Teh stylé
0%
Aucun quiz correspondant
Distribution des résultats
% des personnes avec chaque résultat
Percentile par nombre de réponses
Votre historique - résultats
Vous n’avez pas pris ce quiz